<?xml version="1.0" encoding="UTF-8"?>
<marc:record xmlns:marc="http://www.loc.gov/MARC21/slim">
   <marc:leader>00000nam a2200000 a 4500</marc:leader>
   <marc:datafield ind1="1" ind2=" " tag="100">
      <marc:subfield code="a">Böhr, Elke</marc:subfield>
      <marc:subfield code="4">ctb</marc:subfield>
      <marc:subfield code="e">Mitwirkende/-r</marc:subfield>
   </marc:datafield>
   <marc:datafield ind1="1" ind2=" " tag="100">
      <marc:subfield code="a">Kästner-Lezzi, Lucia</marc:subfield>
      <marc:subfield code="4">ctb</marc:subfield>
      <marc:subfield code="e">Mitwirkende/-r</marc:subfield>
   </marc:datafield>
   <marc:datafield ind1=" " ind2=" " tag="653">
      <marc:subfield code="a">Herakles</marc:subfield>
   </marc:datafield>
   <marc:datafield ind1=" " ind2=" " tag="653">
      <marc:subfield code="a">Kinderbuch</marc:subfield>
   </marc:datafield>
   <marc:datafield ind1="0" ind2="0" tag="245">
      <marc:subfield code="a">Herakles</marc:subfield>
   </marc:datafield>
   <marc:datafield ind1="0" ind2="0" tag="245">
      <marc:subfield code="b">Heldentaten und Abenteuer</marc:subfield>
   </marc:datafield>
   <marc:datafield ind1="0" ind2="0" tag="245">
      <marc:subfield code="c">erzählt von Elke Böhr und Susanne Pfisterer-Haas. Mit Zeichn. von Lucia Kästner-Lezzi. Gestaltet von Adrienne Lezzi-Hafter</marc:subfield>
   </marc:datafield>
   <marc:datafield ind1=" " ind2="1" tag="264">
      <marc:subfield code="a">Mainz am Rhein</marc:subfield>
      <marc:subfield code="b">Zabern</marc:subfield>
      <marc:subfield code="c">2008</marc:subfield>
   </marc:datafield>
   <marc:datafield ind1="1" ind2=" " tag="520">
      <marc:subfield code="a">Angaben aus der Verlagsmeldung

Herakles / von Elke Böhr, Susanne Pfisterer-Haas

Als Sohn des Göttervaters Zeus und der schönen Alkmene ist Herakles eigentlich dazu bestimmt, ein mächtiger Herrscher zu werden. Doch es kommt alles ganz anders. Die eifersüchtige Göttin Hera lenkt sein Schicksal in andere Bahnen: Im Dienste des Königs Eurystheus muss er zwölf Heldentaten bestehen. So kämpft Herakles gegen den unverwundbaren Löwen von Nemea oder gegen die neunköpfige Wasserschlange Hydra. Dabei gelangt er bis an die Grenzen der Welt und sogar darüber hinaus … Berühmte und auch weniger bekannte Abenteuer des Helden Herakles werden in leicht verständlicher Sprache
erzählt und sind mit farbenfrohen Zeichnungen nach antiken Vorbildern illustriert.
</marc:subfield>
   </marc:datafield>
   <marc:datafield ind1=" " ind2=" " tag="020">
      <marc:subfield code="a">9783805339209</marc:subfield>
      <marc:subfield code="9">9783805339209</marc:subfield>
   </marc:datafield>
   <marc:datafield ind1=" " ind2=" " tag="041">
      <marc:subfield code="a">ger</marc:subfield>
   </marc:datafield>
   <marc:datafield ind1=" " ind2=" " tag="300">
      <marc:subfield code="a">72 S.</marc:subfield>
   </marc:datafield>
</marc:record>
